00605cam a2200181 a 450000100100000000500170001000800410002704000250006808200170009310000190011024500650012926000430019430000330023750500210027060000460029165000520033765000340038900000103120200929145453.0730102s1952 nyuacj b 000 0beng  aDO-SdBNPbspacBNPHU a823.8bD548J1 aJohnson, Edgar10aCharles Dickens :bhis tragedy and triumph /cEdgar Johnson. aNew York :bSimon and Schuster,c1952. av. :bil. , retrs. ;c22 cm.2 av.1. [1812-1846]10aDICKENS, CHARLES,d1812-1870xBIOGRAFÍA 4aNovela inglesaxHistoria y críticaySIGLO XIX 4aLiteratura inglesaySIGLO XIX